| 000 | 00436nam a2200181Ia 4500 | ||
|---|---|---|---|
| 005 | 20250603144852.0 | ||
| 008 | 250603s9999 xx 000 0 und d | ||
| 020 | _a978-1-138-85837-4 | ||
| 050 | _aHD 9502 .N47/ | ||
| 100 | _aNersesian, Roy L. | ||
| 245 | 0 | _aEnergy Economics: Markets, History and Policy | |
| 260 | _aNew York | ||
| 260 | _bRoutledge | ||
| 260 | _c2016 | ||
| 300 | _a628 p | ||
| 650 | _aNew York | ||
| 942 | _cBK | ||
| 999 |
_c40191 _d40191 |
||